00973nam a2200205 a 450000100100000000500170001000800410002704000250006808200150009311000320010824000180014024501420015825000160030026000550031630000200037104900090039195201720040095201780057299900170075000002790720200930031206.0110405s1930 dr 000 0 spa d aDO-SdBNPbspacBNPHU axxxbR426l1 aRepública Dominicana944710a[Leyes, etc.]10aLey electoral de fecha 10 de abril 1926, en las modificaciones votadas por el Congreso Nacional en las leyes nos. 399, 1134, 1239 y 1247. aed. oficial aSanto DomingofImprenta J. R. Vda. Garcíac1930. a67 p. ;c24 cm. aBNPD 001050718RVaPDbPDcHDd2011-04-05iLF1l0oxxx R426lp27907-10r2020-06-25w2020-06-25y1zPerteneció a la biblioteca personal de Martínez Boog.ZNo se presta 001050718RVaPDbPDcCTd2011-07-25iLF1l0oxxx R426lp27907-20r2020-06-25te. 2w2020-06-25y1zPerteneció a la biblioteca personal de Martínez Boog.ZNo se presta c27399d27399